| 000 | 01119cam a22003135a 4500 | ||
|---|---|---|---|
| 001 | 5712372 | ||
| 005 | 20201128021504.0 | ||
| 008 | 050927s2006 enka frb 001 0 eng d | ||
| 020 | _a0415359112 | ||
| 020 | _a9780415359115 | ||
| 040 |
_aDLC _cDLC _dEG-ScBUE _beng |
||
| 082 | 0 | 4 |
_a302 _222 _bHAN |
| 245 | 0 | 4 |
_aThe handbook of communication skills / _cedited by Owen Hargie. |
| 250 | _a3rd ed. | ||
| 260 |
_aSussex ; _aNew York : _bRoutledge / Taylor & Francis Group, _c2006. |
||
| 300 |
_ax, 586 p. : _bill. ; _c26 cm. |
||
| 500 | _aIncludes indexes. | ||
| 504 | _aIncludes bibliographical reference. | ||
| 505 | 0 | _aCommunication skill in theory and practice -- Core communication skills -- Specialised contexts -- Interviewing contexts -- The training context. | |
| 650 | 7 |
_aInterpersonal communication. _2BUEsh _9821 |
|
| 650 | 0 |
_aCommunication _xPsychological aspects. _2BUEsh |
|
| 650 | 0 |
_aInterviewing. _2BUEsh |
|
| 651 | _2BUEsh | ||
| 653 | _cAugust2015 | ||
| 653 |
_bCOMSCI _bCOMAME _bBUSADM _cAugust2015 |
||
| 655 |
_vreading book _934232 |
||
| 700 | 1 |
_aHargie, Owen. _eeditor. |
|
| 942 |
_2ddc _k302 HAN |
||
| 999 |
_c20524 _d20496 |
||